[Event "ICS rated blitz match"]
[Site "204.178.125.65"]
[Date "2001.10.03"]
[Round "?"]
[White "boski"]
[Black "Hossa"]
[Result "0-1"]
[WhiteElo "2251"]
[BlackElo "2527"]
[PlyCount "31"]
[EventDate "2001.??.??"]

1. e4 d5 2. exd5 Qxd5 3. Nc3 Qe6+ 4. Be2 Qg6 5. g3 Bf5 6. d3 Nc6 7. Nf3 Qd6 8.
Bf4 e5 9. Nxe5 Nxe5 10. d4 f6 11. dxe5 fxe5 12. Be3 Qxd1+ 13. Rxd1 Bb4 14. O-O
Bxc3 15. bxc3 Nf6 16. Rd5 {boski resigns} 0-1

[Event "ICS rated blitz match"]
[Site "204.178.125.65"]
[Date "2001.10.03"]
[Round "?"]
[White "Hadoken"]
[Black "Hossa"]
[Result "1-0"]
[WhiteElo "2847"]
[BlackElo "2532"]
[PlyCount "131"]
[EventDate "2001.??.??"]

1. d4 Nf6 2. c4 e6 3. Nc3 Bb4 4. e3 c5 5. Bd3 O-O 6. Nf3 d5 7. O-O Nc6 8. a3
Bxc3 9. bxc3 Qc7 10. cxd5 exd5 11. Nh4 Be6 12. f3 Qd7 13. f4 Bg4 14. Qe1 c4 15.
Bc2 Qe7 16. Qg3 Bd7 17. f5 Rfe8 18. Nf3 Na5 19. Ne5 b6 20. e4 Nb3 21. Bg5 Nxa1
22. Rxa1 Nh5 23. Bxe7 Nxg3 24. f6 Ne2+ 25. Kf2 Nxc3 26. Nxd7 dxe4 27. Re1 Rad8
28. Bxd8 Rxd8 29. Re3 Nb5 30. Bxe4 Nxd4 31. Ne5 b5 32. fxg7 Kxg7 33. Rg3+ Kf6
34. Ng4+ Kg7 35. Ne3+ Kf6 36. Bxh7 Rh8 37. Bb1 a5 38. a4 bxa4 39. Rg4 Nb3 40.
Rxc4 Nd2 41. Rc6+ Kg7 42. Nf5+ Kh7 43. Rh6+ Kg8 44. Ba2 Nb3 45. Rxh8+ Kxh8 46.
Ne3 Kg7 47. Nc4 Kf6 48. h4 Nc5 49. Bb1 Nb3 50. g4 Kg7 51. Ke3 Kh6 52. Bf5 Kg7
53. g5 a3 54. Nxa3 a4 55. h5 Nc5 56. h6+ Kg8 57. Kd4 Nb3+ 58. Ke5 Nd2 59. Kf6
Nf3 60. Nc4 Kh8 61. Nd6 Nxg5 62. Kxg5 a3 63. Nxf7+ Kg8 64. Kf6 Kf8 65. h7 Ke8
66. h8=Q# {Hossa checkmated} 1-0

[Event "ICS rated blitz match"]
[Site "204.178.125.65"]
[Date "2001.10.03"]
[Round "?"]
[White "Hossa"]
[Black "Parmuvolli"]
[Result "1-0"]
[WhiteElo "2553"]
[BlackElo "2145"]
[PlyCount "59"]
[EventDate "2001.??.??"]

1. d4 d6 2. e4 g6 3. Nc3 Bg7 4. f4 c5 5. dxc5 dxc5 6. Qxd8+ Kxd8 7. Bd2 Be6 8.
O-O-O Nd7 9. Be2 a6 10. g4 f5 11. Nf3 h6 12. Nh4 fxg4 13. Nxg6 Rh7 14. f5 Bf7
15. Bxg4 Ngf6 16. Be2 b5 17. Be3 Ke8 18. e5 b4 19. exf6 Nxf6 20. Na4 e6 21.
Nxc5 exf5 22. Nxa6 Rxa6 23. Bb5+ Nd7 24. Bxd7+ Kd8 25. Bb5+ Kc7 26. Bxa6 Bxg6
27. Bf4+ Kb6 28. Rd6+ Kc5 29. Rhd1 Bf8 30. Be3# {Parmuvolli checkmated} 1-0

[Event "ICS rated blitz match"]
[Site "204.178.125.65"]
[Date "2001.10.03"]
[Round "?"]
[White "Parmuvolli"]
[Black "Hossa"]
[Result "0-1"]
[WhiteElo "2142"]
[BlackElo "2556"]
[PlyCount "80"]
[EventDate "2001.??.??"]

1. d4 Nf6 2. c4 g6 3. Nf3 Bg7 4. g3 c6 5. Bg2 O-O 6. O-O d5 7. Nc3 dxc4 8. e4
Bg4 9. h3 Bxf3 10. Bxf3 Qc8 11. Bg2 Rd8 12. a4 Ne8 13. Be3 Bxd4 14. Bxd4 e5 15.
Bxe5 Rxd1 16. Rfxd1 Na6 17. Rd2 Nb4 18. Bf1 Nd3 19. Bxd3 cxd3 20. Kg2 Qe6 21.
Bf4 Rd8 22. Rad1 Qc4 23. Be3 b6 24. a5 bxa5 25. Bxa7 Rd7 26. Be3 Nf6 27. f3 Ne8
28. Kf2 f6 29. h4 Ng7 30. g4 Ne6 31. e5 fxe5 32. Ne4 Kg7 33. h5 gxh5 34. gxh5
Kf7 35. Rg1 Nd4 36. h6 Nf5 37. Ng5+ Kf8 38. Bb6 Qb4 39. Be3 Qh4+ 40. Kf1 Nxe3#
{Parmuvolli checkmated} 0-1

[Event "ICS rated blitz match"]
[Site "204.178.125.65"]
[Date "2001.10.03"]
[Round "?"]
[White "Hossa"]
[Black "Yace"]
[Result "0-1"]
[WhiteElo "2559"]
[BlackElo "2861"]
[PlyCount "132"]
[EventDate "2001.??.??"]

1. d4 d5 2. c4 c6 3. Nc3 Nf6 4. e3 e6 5. Nf3 Nbd7 6. Qc2 Bd6 7. Be2 O-O 8. O-O
dxc4 9. Bxc4 b5 10. Be2 Bb7 11. e4 e5 12. Be3 exd4 13. Nxd4 b4 14. Nf5 Bc7 15.
Na4 Re8 16. f3 Qb8 17. g3 a5 18. Rfd1 Ne5 19. Bc5 g6 20. Nh6+ Kg7 21. Be3 Ba6
22. Bxa6 Rxa6 23. Qf2 Qb5 24. Nc5 Raa8 25. a3 a4 26. axb4 Qxb4 27. Rac1 a3 28.
bxa3 Rxa3 29. Rc2 Bb6 30. Rdc1 Rd3 31. Nxd3 Nxd3 32. Qe2 Nxc1 33. Rxc1 Qa3 34.
Re1 Bxe3+ 35. Qxe3 Qxe3+ 36. Rxe3 Kxh6 37. Rc3 Rc8 38. Rd3 c5 39. Kf2 c4 40.
Rc3 Ne8 41. g4 Nd6 42. h4 Nb5 43. Rc1 c3 44. Ke3 c2 45. f4 Na3 46. Kd3 Rc4 47.
Ke3 Rc3+ 48. Kd2 Rg3 49. Ra1 Rg2+ 50. Kc3 Rxg4 51. Kb2 Rg3 52. Rh1 Rd3 53. Kc1
Kh5 54. f5 Rb3 55. Kd2 Rb1 56. Rc1 Rxc1 57. Kxc1 gxf5 58. exf5 Kxh4 59. Kd2 h5
60. Kc1 Kg5 61. Kd2 h4 62. Ke3 c1=Q+ 63. Kd4 Kf4 64. Kd5 Qc7 65. f6 h3 66. Kd4
Qc4# {Hossa checkmated} 0-1

[Event "ICS rated blitz match"]
[Site "204.178.125.65"]
[Date "2001.10.03"]
[Round "?"]
[White "Yace"]
[Black "Hossa"]
[Result "1-0"]
[WhiteElo "2866"]
[BlackElo "2554"]
[PlyCount "104"]
[EventDate "2001.??.??"]

1. d4 e6 2. c4 Nf6 3. Nc3 Bb4 4. e3 c5 5. Bd3 d5 6. Nf3 cxd4 7. exd4 dxc4 8.
Bxc4 Qc7 9. Qd3 O-O 10. O-O Bd7 11. Bg5 Rc8 12. Bb3 Bxc3 13. Rac1 Ne4 14. Qxe4
Bc6 15. Qe2 Bb4 16. Bxe6 fxe6 17. Qxe6+ Kh8 18. d5 Rf8 19. dxc6 Nxc6 20. Rfd1
Qa5 21. Be3 Rf6 22. Qe4 Qxa2 23. Rxc6 bxc6 24. Ng5 Qg8 25. Qxb4 Qe8 26. Ne4 Rf5
27. Nd6 Qd7 28. Qa4 Rff8 29. Bc5 Qc7 30. b3 a5 31. f3 Rf6 32. Kh1 Rh6 33. Qf4
Rf6 34. Qe3 Qd7 35. Rd4 Rh6 36. Re4 Rxd6 37. Bxd6 Kg8 38. Re6 Qf7 39. h3 h5 40.
Re7 Qg6 41. Qc3 Kh7 42. Be5 Rg8 43. Rc7 Kh8 44. Rxc6 Qb1+ 45. Kh2 Kh7 46. Bxg7
Rxg7 47. Qxa5 Rxg2+ 48. Kxg2 Qb2+ 49. Kg3 h4+ 50. Kf4 Qd4+ 51. Kg5 Qg7+ 52.
Kxh4 Qe7+ {Hossa resigns} 1-0

[Event "ICS rated blitz match"]
[Site "204.178.125.65"]
[Date "2001.10.03"]
[Round "?"]
[White "Plumpudding"]
[Black "Hossa"]
[Result "0-1"]
[WhiteElo "2322"]
[BlackElo "2553"]
[PlyCount "64"]
[EventDate "2001.??.??"]

1. Nf3 a6 2. g3 Nf6 3. d4 g6 4. Bg2 Bg7 5. c4 d5 6. b3 dxc4 7. bxc4 c5 8. Bb2
cxd4 9. Qxd4 O-O 10. Qxd8 Rxd8 11. O-O Bf5 12. Nc3 Ne4 13. Na4 Bxb2 14. Nxb2
Nc3 15. Rfe1 Nc6 16. Nh4 Be6 17. Rac1 Nxa2 18. Rcd1 Rxd1 19. Rxd1 Nc3 20. Rd2
Rd8 21. Rxd8+ Nxd8 22. f4 a5 23. e4 a4 24. f5 a3 25. fxe6 axb2 26. exf7+ Nxf7
27. h3 b1=Q+ 28. Kh2 Ne2 29. Nf3 Ng5 30. h4 Nxf3+ 31. Bxf3 Qg1+ 32. Kh3 Qxg3# {
Plumpudding checkmated} 0-1

[Event "ICS rated blitz match"]
[Site "204.178.125.65"]
[Date "2001.10.03"]
[Round "?"]
[White "Hossa"]
[Black "Plumpudding"]
[Result "1-0"]
[WhiteElo "2557"]
[BlackElo "2312"]
[PlyCount "57"]
[EventDate "2001.??.??"]

1. d4 Nf6 2. f4 d5 3. e3 g6 4. c4 c6 5. cxd5 cxd5 6. Nf3 Bg7 7. Nc3 Nc6 8. Ne5
Bf5 9. Bb5 Rc8 10. Qa4 Qb6 11. Qa3 Rc7 12. g4 Be4 13. Qb3 Bxh1 14. Na4 Qa5+ 15.
Bd2 Qxd2+ 16. Kxd2 Be4 17. Bxc6+ Rxc6 18. Nxc6 O-O 19. Nxe7+ Kh8 20. g5 Ng4 21.
Qxb7 Nxh2 22. Nc3 Nf3+ 23. Ke2 f6 24. Nxe4 dxe4 25. Rh1 fxg5 26. Nxg6+ Kg8 27.
Qd5+ Rf7 28. Ne7+ Kf8 29. Qd8# {Plumpudding checkmated} 1-0

[Event "ICS rated blitz match"]
[Site "204.178.125.65"]
[Date "2001.10.03"]
[Round "?"]
[White "Plumpudding"]
[Black "Hossa"]
[Result "0-1"]
[WhiteElo "2303"]
[BlackElo "2561"]
[PlyCount "35"]
[EventDate "2001.??.??"]

1. Nf3 c5 2. g3 g6 3. Bg2 Bg7 4. O-O Nc6 5. c4 Nf6 6. Nc3 O-O 7. d4 cxd4 8.
Nxd4 Ng4 9. e3 Nge5 10. b3 d6 11. Bb2 Nb4 12. a3 Nbd3 13. Rb1 Rb8 14. f4 Nxb2
15. Rxb2 Ng4 16. Qe2 Bd7 17. h3 Nh6 18. e4 {Plumpudding resigns} 0-1

[Event "ICS rated blitz match"]
[Site "204.178.125.65"]
[Date "2001.10.03"]
[Round "?"]
[White "winner3"]
[Black "Hossa"]
[Result "1-0"]
[WhiteElo "2734"]
[BlackElo "2566"]
[PlyCount "83"]
[EventDate "2001.??.??"]

1. e4 e6 2. d4 d5 3. Nc3 Bb4 4. e5 c5 5. a3 Bxc3+ 6. bxc3 Ne7 7. h4 Nbc6 8. h5
Qa5 9. Bd2 Qa4 10. Nf3 cxd4 11. Rh4 Nf5 12. Rf4 g5 13. Nxg5 Nxe5 14. g4 Nd6 15.
cxd4 Nc6 16. Bd3 h6 17. Nf3 Nc4 18. Ne5 Nb2 19. Qf3 Nxd3+ 20. cxd3 f5 21. gxf5
Nxe5 22. dxe5 Qc2 23. Qg3 Qc7 24. Qg6+ Qf7 25. f6 Rg8 26. Rg4 Rxg6 27. hxg6 Qc7
28. f7+ Ke7 29. d4 a5 30. g7 Bd7 31. g8=Q Rf8 32. Bg5+ hxg5 33. Qxg5+ Kxf7 34.
Rf4+ Ke8 35. Qg6+ Ke7 36. Qg7+ Kd8 37. Rxf8+ Be8 38. Rxe8+ Kxe8 39. Qxc7 a4 40.
Qxb7 Kd8 41. Rc1 Ke8 42. Rc8# {Hossa checkmated} 1-0

[Event "ICS rated standard match"]
[Site "204.178.125.65"]
[Date "2001.10.03"]
[Round "?"]
[White "diep"]
[Black "Hossa"]
[Result "1-0"]
[WhiteElo "2379"]
[BlackElo "2299"]
[PlyCount "164"]
[EventDate "2001.??.??"]

1. d4 Nf6 2. c4 e6 3. Nc3 Bb4 4. e3 c5 5. Nf3 cxd4 6. Qxd4 Nc6 7. Qd3 d5 8.
cxd5 exd5 9. Be2 O-O 10. O-O Bg4 11. Rd1 Bxf3 12. gxf3 Bxc3 13. bxc3 Qc8 14.
Ba3 Ne5 15. Qd4 Re8 16. Bd6 Qf5 17. Bxe5 Rxe5 18. a4 Qh5 19. h4 Qg6+ 20. Kf1
Qf5 21. Bd3 Qe6 22. Rdb1 b6 23. a5 bxa5 24. Ke2 Qd6 25. Rb5 Re7 26. c4 Qh2 27.
cxd5 Nh5 28. Ke1 Qg1+ 29. Bf1 Ng3 30. Qd3 Rae8 31. d6 Rd7 32. Rg5 Qxf1+ 33.
Qxf1 Nxf1 34. Kxf1 Rxd6 35. Rgxa5 Rf6 36. Kg2 Rh6 37. R1a4 Rg6+ 38. Kh3 Ra8 39.
Rxa7 Rxa7 40. Rxa7 Kf8 41. Ra8+ Ke7 42. Rg8 Ke6 43. Rh8 h6 44. Kh2 Ke5 45. Re8+
Kd5 46. Re7 Rf6 47. Kg3 Rg6+ 48. Kh3 Rf6 49. f4 Kd6 50. Ra7 Kc5 51. Kg4 Kb6 52.
Re7 Kc6 53. e4 g6 54. Ra7 Kb6 55. Rd7 Kc6 56. Re7 Kd6 57. Ra7 Kc5 58. Kf3 Kb6
59. Re7 Kc6 60. h5 g5 61. f5 Kd6 62. Ra7 Ke5 63. Ra5+ Kd4 64. Rd5+ Kc4 65. Rd7
Kc5 66. Kg4 Ra6 67. Rxf7 Kd4 68. f3 Rc6 69. Ra7 Rb6 70. Ra4+ Ke5 71. Ra5+ Kd4
72. e5 Rb8 73. e6 Re8 74. f6 Rxe6 75. f7 Rf6 76. Rf5 Ra6 77. f8=Q Ra4 78. Rf4+
gxf4 79. Qxf4+ Kd5 80. Qxa4 Kc5 81. Kf4 Kd6 82. Kf5 Kd5 {Hossa resigns} 1-0

[Event "ICS rated blitz match"]
[Site "204.178.125.65"]
[Date "2001.10.03"]
[Round "?"]
[White "Hossa"]
[Black "RAFFAELE"]
[Result "1-0"]
[WhiteElo "2563"]
[BlackElo "2229"]
[PlyCount "69"]
[EventDate "2001.??.??"]

1. d4 g6 2. g3 Bg7 3. Bg2 Nf6 4. e4 d6 5. Ne2 O-O 6. O-O e5 7. dxe5 dxe5 8.
Nbc3 c6 9. Qxd8 Rxd8 10. f4 Na6 11. fxe5 Ng4 12. Bg5 Re8 13. Rad1 Nxe5 14. b3
Nc5 15. Be3 Ne6 16. h3 b6 17. a4 Ba6 18. a5 Bxe2 19. Nxe2 b5 20. Nf4 Nc7 21.
Nd3 Na6 22. Nxe5 Bxe5 23. Rd7 f6 24. Rxa7 Rxa7 25. Bxa7 Nb4 26. Rf2 Kf7 27. Kh2
Bc7 28. Bd4 Be5 29. Bxe5 Rxe5 30. c3 Na6 31. b4 Ke7 32. Bf3 Kd6 33. Bg4 Ke7 34.
Bc8 Nc7 35. Rd2 {RAFFAELE resigns} 1-0

[Event "ICS rated blitz match"]
[Site "204.178.125.65"]
[Date "2001.10.03"]
[Round "?"]
[White "RAFFAELE"]
[Black "Hossa"]
[Result "0-1"]
[WhiteElo "2225"]
[BlackElo "2567"]
[PlyCount "58"]
[EventDate "2001.??.??"]

1. e4 d5 2. exd5 Qxd5 3. Nf3 Bf5 4. d4 Qe4+ 5. Be3 Qxc2 6. Qxc2 Bxc2 7. Nc3 c6
8. d5 Nf6 9. Nd4 Bg6 10. dxc6 bxc6 11. f4 e6 12. Be2 Bb4 13. O-O O-O 14. Bf3
Bxc3 15. bxc3 Be4 16. Rfd1 c5 17. Nb3 Bxf3 18. gxf3 c4 19. Na5 Rc8 20. Rd6 Nd5
21. Bd2 g6 22. Rb1 Kg7 23. Rb7 Rc5 24. Nxc4 Rxc4 25. Rd8 Ra4 26. Rbxb8 Rxb8 27.
Rxb8 Rxa2 28. Be1 Nxf4 29. c4 Ra1 {RAFFAELE resigns} 0-1

[Event "ICS rated blitz match"]
[Site "204.178.125.65"]
[Date "2001.10.03"]
[Round "?"]
[White "Hossa"]
[Black "RAFFAELE"]
[Result "1-0"]
[WhiteElo "2571"]
[BlackElo "2221"]
[PlyCount "127"]
[EventDate "2001.??.??"]

1. d4 g6 2. g3 Bg7 3. Bg2 d5 4. Nc3 Nf6 5. Nf3 O-O 6. O-O Ne4 7. Nxe4 dxe4 8.
Ng5 Qxd4 9. Qxd4 Bxd4 10. Rd1 Bg7 11. Nxe4 Na6 12. c3 h6 13. Be3 c6 14. Nc5
Nxc5 15. Bxc5 Bf6 16. Be4 Be6 17. a4 Kg7 18. Kg2 Rfd8 19. Kf3 Bb3 20. Rxd8 Rxd8
21. Bxa7 Ra8 22. Bb6 Rxa4 23. Rxa4 Bxa4 24. Bd3 Bb3 25. Ke4 Bd5+ 26. Ke3 e5 27.
c4 Be6 28. Bc7 Kf8 29. h4 Bg7 30. f3 f5 31. b3 Kf7 32. Kd2 g5 33. hxg5 hxg5 34.
e4 f4 35. g4 Ke7 36. Bb6 Kd7 37. Kc3 Bf8 38. b4 Bd6 39. Bc2 Bc7 40. Bc5 b6 41.
Bf8 Ke8 42. Bh6 Kf7 43. Bxg5 Kg6 44. Bh4 Bf7 45. Bf2 Be6 46. Bb3 Bf7 47. c5 b5
48. Bh4 Bxb3 49. Kxb3 Kf7 50. Kc3 Ke6 51. Bg5 Kf7 52. Kd3 Ke6 53. Kd2 Kf7 54.
Kc2 Ke6 55. Kd3 Kf7 56. Ke2 Ke6 57. Kf2 Kf7 58. Bh4 Bb8 59. Bd8 Ke8 60. Bb6 Kf7
61. Kg2 Kg6 62. Kh3 Kg5 63. Bd8+ Kg6 64. Kh4 {RAFFAELE resigns} 1-0

[Event "ICS rated standard match"]
[Site "204.178.125.65"]
[Date "2001.10.04"]
[Round "?"]
[White "BrazilianMaster"]
[Black "Hossa"]
[Result "1-0"]
[WhiteElo "2713"]
[BlackElo "2287"]
[PlyCount "95"]
[EventDate "2001.??.??"]

1. d4 d5 2. c4 e6 3. Nc3 c6 4. e3 Nf6 5. Nf3 Nbd7 6. Qc2 Bd6 7. Bd3 dxc4 8.
Bxc4 Qc7 9. O-O O-O 10. Bd3 Rd8 11. Bd2 e5 12. Rac1 a6 13. Ne4 Nxe4 14. Bxe4
Nf6 15. dxe5 Bxe5 16. Bd3 Bxb2 17. Bxh7+ Nxh7 18. Qxb2 Bg4 19. Nd4 Rd5 20. f3
Be6 21. Nxe6 fxe6 22. Bc3 Rh5 23. f4 Qf7 24. Rf3 Nf8 25. Rg3 Ng6 26. Qb1 Rh6
27. Rd1 Rf8 28. h4 Qf5 29. Qxf5 Rxf5 30. Rd8+ Kf7 31. Rd7+ Ke8 32. Rxb7 Rc5 33.
e4 Rh7 34. Rxg6 Rxc3 35. Rxe6+ Kf8 36. Ree7 Rc4 37. g3 Rb4 38. Ra7 Rd4 39. f5
Rd6 40. e5 Rd8 41. f6 Rh6 42. Rxg7 Rb8 43. e6 Rxf6 44. e7+ Kxg7 45. e8=Q+ Rb7
46. Rxb7+ Kh6 47. Qh8+ Kg6 48. Qh7# {Hossa checkmated} 1-0

[Event "ICS rated blitz match"]
[Site "204.178.125.65"]
[Date "2001.10.04"]
[Round "?"]
[White "superfreak"]
[Black "Hossa"]
[Result "0-1"]
[WhiteElo "2015"]
[BlackElo "2577"]
[PlyCount "60"]
[EventDate "2001.??.??"]

1. h3 e5 2. a3 d5 3. Ra2 Nf6 4. d3 Bd6 5. e3 O-O 6. Nc3 c5 7. e4 dxe4 8. dxe4
Be6 9. Ra1 Bc7 10. Qxd8 Rxd8 11. Bg5 Ba5 12. Bxf6 gxf6 13. Nf3 Nc6 14. Bd3 Nd4
15. Kf1 c4 16. Be2 Nxc2 17. Rc1 Bxc3 18. Rxc2 Ba5 19. g4 b5 20. Nh4 Rd4 21. f3
Rad8 22. Nf5 Bxf5 23. gxf5 Rd2 24. Rxd2 Rxd2 25. Rg1+ Kf8 26. Rg2 Rxb2 27. Kf2
c3 28. Ke3 c2 29. Bxb5 c1=Q+ 30. Kd3 Qc3# {superfreak checkmated} 0-1

[Event "ICS rated blitz match"]
[Site "204.178.125.65"]
[Date "2001.10.04"]
[Round "?"]
[White "Hossa"]
[Black "Apocaliptica"]
[Result "1/2-1/2"]
[WhiteElo "2579"]
[BlackElo "2627"]
[PlyCount "146"]
[EventDate "2001.??.??"]

1. d4 Nf6 2. c4 e5 3. dxe5 Ng4 4. Bf4 Nc6 5. Nf3 Bb4+ 6. Nbd2 Qe7 7. e3 Ngxe5
8. Nxe5 Nxe5 9. Be2 O-O 10. O-O Bxd2 11. Qxd2 d6 12. Qc2 Re8 13. Qe4 Ng6 14.
Qxe7 Rxe7 15. Bg3 Bf5 16. Rfd1 Rae8 17. c5 dxc5 18. Rd5 Be6 19. Rxc5 Rd8 20.
Bxc7 Rd2 21. Bh5 b6 22. Rc3 Rxb2 23. Bd6 Re8 24. Rc7 a6 25. a3 Rd8 26. Bb4 a5
27. Bc3 Rc2 28. Be5 Rdd2 29. Rxc2 Rxc2 30. Bd4 b5 31. Bd1 Rc8 32. Bb6 b4 33.
axb4 axb4 34. Bf3 b3 35. Bd4 f6 36. Be4 Ne5 37. f4 Nc4 38. Bd3 Rb8 39. Kf2 Bd5
40. e4 Be6 41. Rc1 Rb4 42. Ra1 Nd6 43. Ra8+ Kf7 44. Ra7+ Ke8 45. Bb2 Nxe4+ 46.
Ke3 Nd6 47. Rxg7 Nf5+ 48. Bxf5 Bxf5 49. g4 Bc2 50. f5 h5 51. gxh5 Rh4 52. Bxf6
Rh3+ 53. Kf4 Rxh5 54. Rg5 Rxh2 55. Bc3 Kf8 56. f6 Rh4+ 57. Ke5 Re4+ 58. Kd5 Re3
59. Bb2 Re2 60. Rg7 Be4+ 61. Kd4 Rxb2 62. Kxe4 Rf2 63. Ke5 b2 64. Rb7 Rd2 65.
Ke6 Re2+ 66. Kf5 Ke8 67. Kf4 Rc2 68. Kf3 Kf8 69. Ke3 b1=Q 70. Rxb1 Rc6 71. Rf1
Kf7 72. Ke4 Rxf6 73. Rxf6+ Kxf6 {
Game drawn because neither player has mating material} 1/2-1/2

[Event "ICS rated blitz match"]
[Site "204.178.125.65"]
[Date "2001.10.04"]
[Round "?"]
[White "MEGAWEED"]
[Black "Hossa"]
[Result "1-0"]
[WhiteElo "2561"]
[BlackElo "2581"]
[PlyCount "302"]
[EventDate "2001.??.??"]

1. e4 c5 2. Nf3 Nc6 3. Nc3 e5 4. Bc4 Be7 5. O-O Nf6 6. d3 O-O 7. Nd5 d6 8. c3
Nxd5 9. Bxd5 Bf6 10. Be3 Be6 11. Bxe6 fxe6 12. a3 Qd7 13. b4 b6 14. Rb1 cxb4
15. axb4 b5 16. Qe2 a5 17. bxa5 Rxa5 18. Bb6 Ra3 19. Rfc1 Na5 20. Qb2 Rb3 21.
Qa2 Rxb1 22. Rxb1 Nb7 23. Qb3 Rc8 24. h3 Nc5 25. Bxc5 Rxc5 26. d4 Rc4 27. dxe5
dxe5 28. Qxb5 Qxb5 29. Rxb5 Rxe4 30. Kf1 Kf7 31. Nd2 Ra4 32. Rb4 Ra2 33. Ne4 h6
34. Rb7+ Kg6 35. g4 Ra4 36. Rb4 Ra1+ 37. Kg2 Re1 38. Ra4 Be7 39. Kg3 Rg1+ 40.
Kh2 Re1 41. Rc4 Kf7 42. Kg2 Kf8 43. Ra4 Kf7 44. f3 Re2+ 45. Kg3 g5 46. Ra7 Rc2
47. Rb7 Ke8 48. Rb6 Kf7 49. Ra6 Rb2 50. Ra1 Rc2 51. Rg1 Bd8 52. Rg2 Rc1 53. Rb2
Be7 54. Rb5 Bf6 55. Rb7+ Be7 56. Rb8 Rc2 57. Ra8 Bf6 58. Ra6 Be7 59. Ra5 Bd8
60. Rb5 Ke8 61. Rb1 Ba5 62. Rb3 Bd8 63. Rb8 Kd7 64. Rb7+ Kc6 65. Rh7 Bb6 66.
Rxh6 Be3 67. f4 gxf4+ 68. Kf3 Kd5 69. h4 Rc1 70. Rh8 Rf1+ 71. Ke2 Rg1 72. Nf6+
Kc4 73. Rc8+ Kb3 74. g5 Kc2 75. Ne4 Bd2 76. Kf2 Be3+ 77. Kf3 Kd1 78. Rc6 Rf1+
79. Kg4 Rg1+ 80. Kh5 f3 81. Rxe6 f2 82. Nxf2+ Bxf2 83. Rxe5 Kd2 84. c4 Kd3 85.
Rf5 Be3 86. Kg6 Kxc4 87. h5 Rb1 88. h6 Rb6+ 89. Kh5 Rb2 90. h7 Rh2+ 91. Kg6 Kd4
92. Ra5 Ke4 93. Rb5 Bd4 94. Rb8 Rh3 95. Rb1 Kd5 96. Rb5+ Ke6 97. Rb8 Rh1 98.
Re8+ Kd5 99. Rd8+ Ke4 100. Rd7 Bh8 101. Re7+ Be5 102. Rb7 Kd5 103. Rb4 Bh8 104.
Ra4 Rh2 105. Ra8 Bd4 106. Ra5+ Ke6 107. Ra6+ Kd5 108. Ra3 Ke6 109. Rd3 Bh8 110.
Rb3 Rh1 111. Rb6+ Kd7 112. Ra6 Bd4 113. Ra4 Bh8 114. Re4 Rf1 115. Rc4 Rf2 116.
Rc1 Kd8 117. Rb1 Kc7 118. Rd1 Rh2 119. Rd5 Rh3 120. Ra5 Kc6 121. Ra8 Bd4 122.
Rd8 Kc5 123. Rd7 Bh8 124. Kf5 Rh1 125. Ke6 Kc6 126. Re7 Rg1 127. Re8 Bb2 128.
Rc8+ Kb7 129. Rc5 Kb6 130. Rf5 Re1+ 131. Kf7 Rh1 132. g6 Rh3 133. Rf2 Bc3 134.
Rc2 Be5 135. Re2 Bd4 136. Re4 Ba1 137. Re1 Bd4 138. Rb1+ Kc5 139. Rc1+ Kb6 140.
Rd1 Be5 141. Rg1 Kc7 142. Rg5 Ba1 143. Kg8 Rd3 144. Rf5 Kc6 145. g7 Rd8+ 146.
Rf8 Rd7 147. h8=Q Be5 148. Qh1+ Kb6 149. Qb1+ Kc6 150. Rc8+ Bc7 151. Qe4+ Kb6 {
Hossa resigns} 1-0

[Event "ICS rated standard match"]
[Site "204.178.125.65"]
[Date "2001.10.04"]
[Round "?"]
[White "Hossa"]
[Black "ChesterX"]
[Result "0-1"]
[WhiteElo "2284"]
[BlackElo "2484"]
[PlyCount "98"]
[EventDate "2001.??.??"]

1. d4 d5 2. c4 c6 3. Nf3 Nf6 4. Nc3 e6 5. e3 Nbd7 6. Bd3 dxc4 7. Bxc4 b5 8. Bd3
Bb7 9. e4 b4 10. Na4 c5 11. e5 Nd5 12. dxc5 Nxc5 13. Nxc5 Bxc5 14. O-O h6 15.
Nd2 Qc7 16. Nb3 Bb6 17. Qh5 O-O 18. Bxh6 gxh6 19. Rac1 Qe7 20. Qxh6 f5 21. Bc4
Rf7 22. Rfd1 Rh7 23. Qg6+ Kh8 24. Bxd5 Bxd5 25. Rxd5 exd5 26. Qxf5 Rf8 27. Rc8
Bxf2+ 28. Kf1 Bc5 29. Ke1 Rxh2 30. Nd2 Qg7 31. Nf1 Rh6 32. Ne3 Rh1+ 33. Ke2 d4
34. Rxf8+ Bxf8 35. Ng4 Rh4 36. Nf2 Be7 37. g4 Qh6 38. Qc8+ Kg7 39. Qc7 Qg5 40.
Kf1 Rh8 41. a4 Rf8 42. Kg2 Qh4 43. Qc2 d3 44. Qd2 Bc5 45. b3 Bxf2 46. Qxd3
Qxg4+ 47. Qg3 Bxg3 48. e6 Rf2+ 49. Kh1 Qd1# {Hossa checkmated} 0-1

[Event "ICS rated blitz match"]
[Site "204.178.125.65"]
[Date "2001.10.04"]
[Round "?"]
[White "Butoy"]
[Black "Hossa"]
[Result "0-1"]
[WhiteElo "2459"]
[BlackElo "2576"]
[PlyCount "56"]
[EventDate "2001.??.??"]

1. e4 e5 2. Nf3 d6 3. d4 Nf6 4. dxe5 Nxe4 5. Bd3 Nc5 6. exd6 Bxd6 7. O-O O-O 8.
Bxh7+ Kxh7 9. Ng5+ Kg8 10. Qh5 Bf5 11. Nc3 Bxc2 12. Be3 Bg6 13. Qf3 Nc6 14.
Rad1 Nd3 15. h4 Nxb2 16. h5 Bd3 17. h6 gxh6 18. Ne6 fxe6 19. Qg3+ Bxg3 20. fxg3
Rxf1+ 21. Rxf1 Bxf1 22. Kxf1 Qd3+ 23. Kf2 Qxc3 24. Bf4 Nd3+ 25. Kf3 Nxf4+ 26.
Kxf4 Qd4+ 27. Kf3 Rf8+ 28. Ke2 Rf2+ {Butoy resigns} 0-1

[Event "ICS rated blitz match"]
[Site "204.178.125.65"]
[Date "2001.10.04"]
[Round "?"]
[White "Hossa"]
[Black "Butoy"]
[Result "1-0"]
[WhiteElo "2606"]
[BlackElo "2429"]
[PlyCount "59"]
[EventDate "2001.??.??"]

1. d4 d6 2. e4 Nf6 3. f3 g6 4. Bd3 Bg7 5. Ne2 c6 6. O-O O-O 7. Be3 h6 8. Qd2
Kh7 9. Ng3 e5 10. dxe5 dxe5 11. Rd1 Qe7 12. Bc4 Be6 13. Bxe6 Qxe6 14. Bc5 Re8
15. Qe3 Nbd7 16. Ba3 Rad8 17. Qxa7 Nb6 18. Rxd8 Rxd8 19. Qxb6 Rd1+ 20. Nf1 Qc4
21. Nbd2 Qxc2 22. Rxd1 Qxd1 23. Qxb7 Nh5 24. Qxf7 Qe2 25. Bf8 c5 26. g4 Qd3 27.
gxh5 Qd4+ 28. Kg2 Qd7 29. hxg6+ Kh8 30. Bxg7# {Butoy checkmated} 1-0

[Event "ICS rated blitz match"]
[Site "204.178.125.65"]
[Date "2001.10.04"]
[Round "?"]
[White "Butoy"]
[Black "Hossa"]
[Result "0-1"]
[WhiteElo "2421"]
[BlackElo "2614"]
[PlyCount "48"]
[EventDate "2001.??.??"]

1. e4 d5 2. exd5 Qxd5 3. Nc3 Qe6+ 4. Be2 Qg6 5. Bf1 Bf5 6. d3 Nc6 7. Nf3 Bd7 8.
Bf4 O-O-O 9. Bg3 f6 10. Qd2 e5 11. O-O-O Qf7 12. Kb1 g6 13. d4 exd4 14. Nxd4
Bg4 15. Nce2 Nxd4 16. Nxd4 Bxd1 17. Qxd1 c5 18. Qg4+ f5 19. Qf4 Bd6 20. Qe3
cxd4 21. Qxd4 Bxg3 22. Qc3+ Qc7 23. Qxc7+ Kxc7 24. Bc4 Bxf2 {Butoy resigns} 0-1

[Event "ICS rated blitz match"]
[Site "204.178.125.65"]
[Date "2001.10.04"]
[Round "?"]
[White "Hossa"]
[Black "wsldhy"]
[Result "1-0"]
[WhiteElo "2622"]
[BlackElo "2200"]
[PlyCount "103"]
[EventDate "2001.??.??"]

1. d4 Nf6 2. f4 c5 3. dxc5 e6 4. b4 a5 5. c3 b6 6. cxb6 axb4 7. Be3 Nd5 8. Bd4
bxc3 9. e4 Nxf4 10. Nxc3 Nc6 11. g3 Ng6 12. Bb5 Bb4 13. Bxg7 Qxb6 14. Bxh8 Nxh8
15. Qd2 Nd4 16. Rb1 Qa5 17. Rxb4 Qxb4 18. a4 Nxb5 19. axb5 Ra1+ 20. Kf2 Bb7 21.
Qe3 Ng6 22. Kg2 f5 23. Nf3 Rxh1 24. Kxh1 fxe4 25. Ng5 h6 26. Ngxe4 d5 27. Qxh6
Nf8 28. Qf4 dxe4 29. Qb8+ Kf7 30. Qxb7+ Kf6 31. Nxe4+ Kg6 32. Qc6 Qe1+ 33. Kg2
Qe2+ 34. Nf2 Kf6 35. Qf3+ Qxf3+ 36. Kxf3 Nd7 37. h4 Ke5 38. h5 Nb6 39. h6 Kf6
40. g4 Kg6 41. g5 Nd5 42. Ng4 Nb6 43. Ne5+ Kh7 44. Kf4 Nd5+ 45. Kg4 Nb6 46. Kh5
Nd5 47. b6 Nxb6 48. g6+ Kh8 49. Nf7+ Kg8 50. h7+ Kf8 51. h8=Q+ Ke7 52. Qd8# {
wsldhy checkmated} 1-0

[Event "ICS rated blitz match"]
[Site "204.178.125.65"]
[Date "2001.10.04"]
[Round "?"]
[White "wsldhy"]
[Black "Hossa"]
[Result "0-1"]
[WhiteElo "2212"]
[BlackElo "2622"]
[PlyCount "54"]
[EventDate "2001.??.??"]

1. e4 c5 2. Nf3 Nc6 3. d4 cxd4 4. Nxd4 g6 5. Nc3 Bg7 6. Be3 Nf6 7. Bc4 O-O 8.
Bb3 d6 9. f3 Bd7 10. Qd2 Rc8 11. O-O-O Ne5 12. h4 h5 13. Bh6 Qa5 14. Bxg7 Kxg7
15. g4 hxg4 16. h5 Rxc3 17. bxc3 Nxf3 18. Nxf3 Nxe4 19. Qd4+ Nf6 20. hxg6 gxf3
21. gxf7 e6 22. Qxd6 Qg5+ 23. Kb1 Kxf7 24. Rdg1 Qe3 25. Rg3 Rd8 26. Rf1 Bb5 27.
Rgxf3 Rxd6 {wsldhy resigns} 0-1